000 00715nam a22002297a 4500
005 20251203130627.0
008 251203b ||||| |||| 00| 0 eng d
020 _a0-07-051799-1
040 _aAR-FvUNAJ
_dAR-FvUNAJ
_eaacr2
082 1 4 _214
_a660.042
100 1 _922060
_aReid, Robert C.
245 1 4 _aThe properties of gases and liquids /
_bRobert C. Reid, John M. Prausnitz, Bruce E. Poling.
250 _a4th.ed.
260 _aNew York :
_bMcGraw-Hill,
_c1987.
300 _ax, 741 p.
_bill.
650 0 _9737
_aGASES
650 0 _922061
_aLIQUIDOS
700 1 _922062
_aPrausnitz, J. M.
700 1 _922063
_aPoling, Bruce E.
942 _2ddc
_cLIBRO
980 _62
_aVirginia Figueroa
_82
_gVirginia Figueroa
999 _c11174
_d11174